|
|
|
|
| LEADER |
00000nam a2200000 a 4500 |
| 001 |
vtls011714798 |
| 003 |
SK-MaSNL |
| 005 |
20260301094647.0 |
| 008 |
251112 1710 gw 000 0 lat |
| 015 |
|
|
|a SNBHFA1710
|
| 035 |
|
|
|a urn:nbn:sk:snk-am00csyd
|
| 035 |
|
|
|a urn:nbn:sk:snk-am3hujh
|
| 035 |
|
|
|a C74A1AD0-9FCA-4371-874B-77C33E8574C6
|
| 040 |
|
|
|a SNK
|b slo
|c SNK
|e AACR2
|
| 041 |
0 |
|
|a lat
|
| 044 |
|
|
|a gw
|c DE
|
| 072 |
|
7 |
|a 2-1
|x Pastorálna teológia. Náboženská filozofia
|2 konspekt
|
| 080 |
|
|
|a 2-1
|2 2011
|
| 100 |
1 |
|
|a Wernsdorf, Gottlieb,
|d 1668-1729
|4 aut
|9 312736
|
| 245 |
1 |
0 |
|a Decanus Ordinis Theologici In Academia Vittembergensi, Gottlieb VVernsdorfius, SS. Theol. Doct. & Prof. Publ. Ordin. Templo OO.SS. Praepositus, & Alumn. Saxon. Ephorus, Lecuris S.P.D.
|
| 246 |
3 |
0 |
|a Lecuris S.P.D.
|
| 260 |
|
|
|a (Vitembergae)
|b (Prelo Gerdesiano)
|c (M DCC X) [=1710]
|
| 300 |
|
|
|a [12] s.
|c 20 cm
|
| 500 |
|
|
|a Rok vydania rímskymi číslicami, iniciálka so štylizovanými krajinkami v pozadí, kustódy
|
| 501 |
|
|
|a Príväzok 29. k: Rector Academiae Wittebergensis Ioannes Gvilielmvs Ianvs S. Theol. D. Et P. P. Alvmnorvm Regio-Electoralivm Ephorvs Cives Academicos Ad Contemplandos Frvctvs Resvrrectionis Christi Amanter Invitat. Vitembergae: Literis Schroederianis, M DCC XXV.
|5 SNK IC 143406
|
| 550 |
|
|
|a Tlačiarenské údaje získane z kolofónu
|
| 561 |
|
|
|a Z knižnice Učenej spoločnosti malohontskej
|5 SNK IC 143406/prív.29
|
| 562 |
|
|
|a Rukopisný záznam v latinčine na titulnom liste.
|5 SNK IC 143406/prív.29
|
| 650 |
0 |
7 |
|a teológia
|2 SNKPH
|9 1814
|
| 655 |
|
7 |
|a promočné tlače
|2 SNKPH
|9 73127
|
| 710 |
2 |
|
|a Učená spoločnosť malohontská
|4 fmo
|9 205374
|
| 710 |
0 |
|
|a Gerdes, Johann Christian-vdova (Wittenberg, Nemecko),
|d 1714-1729
|4 prt
|9 350205
|
| 752 |
|
|
|a Nemecko
|d Wittenberg
|
| 852 |
|
|
|a snk
|b Historické fondy
|p IC 143406/prív.29
|
| 958 |
|
|
|a ONDV
|
| 999 |
|
|
|c 680949
|d 682879
|
| 952 |
|
|
|t MHC II.A.d.6
|a SNK
|b SNK
|c SNK_HF
|y PREZ
|7 0
|p 17A1298896
|o snkIC 143406/prív.29
|i snk2017/20044
|8 5
|0 0
|1 0
|4 0
|d 2017-10-10
|f 1
|l 0
|r 2026-02-23 19:56:24
|w 2026-02-23
|